Deluxe magazín pre náročných
| Médium: | Časopis |
|---|---|
| Jazyk: | slovenčina |
| Fyzický popis: | zv. 28 cm |
| Vydavateľské údaje: |
Nitra
Meytt
2006-2010
|
MARC
| LEADER | 00000nas a22000005a 4500 | ||
|---|---|---|---|
| 001 | vtls009177196 | ||
| 003 | SK-MaSNL | ||
| 005 | 20260305121016.0 | ||
| 008 | 080124d20062010xo mr|p 0 b0slo | ||
| 040 | |a SNK |b slo |c SNK |e AACR2 | ||
| 041 | 0 | |a slo | |
| 245 | 0 | 0 | |a Deluxe |b magazín pre náročných |
| 260 | |a Nitra |b Meytt |c 2006-2010 | ||
| 300 | |a zv. |c 28 cm | ||
| 310 | |a 1x mesačne | ||
| 362 | 0 | |a Roč. I, č. 1 (2006)- | |
| 910 | |a snk | ||
| 999 | |c 3361013 |d 3362943 | ||


